书目信息 |
| 题名: |
贫困地区公共阅读研究
|
|
| 作者: | 金武刚 著 | |
| 分册: | ||
| 出版信息: | 北京 国家图书馆出版社 2015.9 |
|
| 页数: | 276页 | |
| 开本: | 19cm | |
| 丛书名: | ||
| 单 册: | ||
| 中图分类: | G252.17 | |
| 科图分类: | ||
| 主题词: | 不发达地区--读书活动--研究--中国 | |
| 电子资源: | ||
| ISBN: | 978-7-5013-5669-0 | |
| 000 | 00952nam0 2200217 450 | |
| 001 | 5824 | |
| 005 | 20161214091455.34 | |
| 010 | @a978-7-5013-5669-0@b平装@dCNY48.00 | |
| 100 | @a20160721d2015 em y0chiy0150 ea | |
| 101 | 0 | @achi |
| 102 | @aCN@b110000 | |
| 105 | @ay z 000yy | |
| 200 | 1 | @a贫困地区公共阅读研究@9pin kun di qu gong gong yue du yan jiu@f金武刚著 |
| 210 | @a北京@c国家图书馆出版社@d2015.9 | |
| 215 | @a276页@d19cm | |
| 330 | @a本书以贫困地区公共阅读为研究对象,在系统梳理贫困地区公共阅读服务现状基础上,参考国际经验、标准规范,结合全国各地实践创新,深入研究阅读设施、阅读资源、阅读服务等关键要素的合理配置与统筹建设,在城镇化建设时代背景下,提出贫困地区公共阅读服务体系构建的组织方式、实施单元、重点突破及保障机制的基本思路与实现途径。 | |
| 606 | 0 | @a不发达地区@x读书活动@x研究@y中国 |
| 690 | @aG252.17@v5 | |
| 701 | 0 | @a金武刚@9jin wu gang@4著 |
| 801 | 0 | @aCN@b大连网信软件有限公司图书馆·11@c20161214 |
| 905 | @aZUCC@dG252.17@e103 | |
| 贫困地区公共阅读研究/金武刚著.-北京:国家图书馆出版社,2015.9 |
| 276页;19cm |
| ISBN 978-7-5013-5669-0(平装):CNY48.00 |
| 本书以贫困地区公共阅读为研究对象,在系统梳理贫困地区公共阅读服务现状基础上,参考国际经验、标准规范,结合全国各地实践创新,深入研究阅读设施、阅读资源、阅读服务等关键要素的合理配置与统筹建设,在城镇化建设时代背景下,提出贫困地区公共阅读服务体系构建的组织方式、实施单元、重点突破及保障机制的基本思路与实现途径。 |
| ● |
| 相关链接 |
|
|
|
|
正题名:贫困地区公共阅读研究
索取号:G252.17/103
 
预约/预借
| 序号 | 登录号 | 条形码 | 馆藏地/架位号 | 状态 | 备注 |
| 1 | 913294 | 209132945 | 第一样本阅览室/ [索取号:G252.17/103] | 在馆 | |
| 2 | 913295 | 209132954 | 第四借阅区/ [索取号:G252.17/103] | 在馆 | |
| 3 | 913296 | 209132963 | 第四借阅区/ [索取号:G252.17/103] | 在馆 | |
| 4 | 913297 | 209132972 | 第四借阅区/ [索取号:G252.17/103] | 在馆 | |
| 5 | 913298 | 209132981 | 第四借阅区/ [索取号:G252.17/103] | 在馆 |